Sawal ki Maut/ (Record no. 615415)

000 -LEADER
fixed length control field 00471nam a22001577a 4500
020 ## - INTERNATIONAL STANDARD BOOK NUMBER
International Standard Book Number 9789693526165
082 ## - DEWEY DECIMAL CLASSIFICATION NUMBER
Classification number 891.4393
Author Mark SEH
100 ## - MAIN ENTRY--PERSONAL NAME
Personal name Sahrai,Tariq Baloch
245 ## - TITLE STATEMENT
Title Sawal ki Maut/
Remainder of title Tariq Baloch Sahrai
260 ## - PUBLICATION, DISTRIBUTION, ETC.
Place of publication, distribution, etc. لاہور:
Name of publisher, distributor, etc. سنگِ میل پبلیکیشنز,
Date of publication, distribution, etc. 2018.
300 ## - PHYSICAL DESCRIPTION
Extent 288p. ;
563 ## - BINDING INFORMATION
Binding note BP
880 ## - ALTERNATE GRAPHIC REPRESENTATION
Linkage 100-01\r
Title طارق بلوچ صحرائی
880 ## - ALTERNATE GRAPHIC REPRESENTATION
Linkage 245-02\r
Title سوال کی موت( افسانے)
942 ## - ADDED ENTRY ELEMENTS (KOHA)
Source of classification or shelving scheme
Koha item type Book
Holdings
Withdrawn status Lost status Source of classification or shelving scheme Damaged status Not for loan Permanent Location Current Location Shelving location Date acquired Source of acquisition Total Checkouts Full call number Barcode Date last seen Price effective from Koha item type
          Central Library (CL) Central Library (CL) Fiction 11/28/2025 Donation   891.4393 SEH CL-D-3149 11/28/2025 11/28/2025 Book
© 2023 Central Library, National University of Sciences and Technology. All Rights Reserved.